000
00209nam a22000857a 4500
008
160713b xxu||||| |||| 00| 0 eng d
100
_9
2725
_a
Kidz Om
245
_a
365 Fairy Tales
260
_a
New Delhi
_b
Om Kidz
_c
2012
999
_c
2370
_d
2370